00681nam a2200205 a 450000100060000000300080000600500170001400800410003103500190007204000360009104100080012708200250013510000160016024501010017626000410027730000340031849000550035250400500040765000180045719099BD-RjUL20211209000402.0160616t1967 nyua b 0110 eng u a(BD-RjUL)19157 cCSUdBOSdBD-RjULaBD-RjULbeng aeng04a330.18bFIS 19672231 aFisk, P. R.10aStochastically dependent equations :ban introductory text for econometricians /cby P. R. Fisk. aNew York :bHafner Pub. Co.,cc1967. aviii, 181 p. :bill ;c22 cm.0 aGriffin's statistical monographs & courses, no.21. aIncludes Bibliographical reference and index. 0aEconometrics.